书目信息 |
| 题名: |
行政职业能力倾向测验模拟考场
|
|
| 作者: | 《行政职业能力倾向测验模拟考场》编写组 编 | |
| 分册: | ||
| 出版信息: | 北京 中国铁道出版社 2002 |
|
| 页数: | 532页 | |
| 开本: | 20cm | |
| 丛书名: | ||
| 单 册: | ||
| 中图分类: | D630.3-44 | |
| 科图分类: | ||
| 主题词: | 公务员--招聘--考试--中国--试题 | |
| 电子资源: | ||
| ISBN: | 7-113-04980-X | |
| 000 | 00849nam0 2200205 450 | |
| 001 | 0738702992 | |
| 005 | 20070717150253.32 | |
| 010 | @a7-113-04980-X@dCNY35.00 | |
| 100 | @a20070715d2002 km y0chiy0120 ea | |
| 101 | 0 | @achi |
| 102 | @aCN@b110000 | |
| 200 | 1 | @a行政职业能力倾向测验模拟考场@Axing zheng zhi ye neng li qing xiang ce yan mo ni kao chang@f《行政职业能力倾向测验模拟考场》编写组编@F《xing zheng zhi ye neng li qing xiang ce yan mo ni kao chang》bian xie zu bian |
| 210 | @a北京@c中国铁道出版社@d2002 | |
| 215 | @a532页@d20cm | |
| 300 | @a国家公务员录用考试公共科目用书 | |
| 606 | 0 | @a公务员@x招聘@x考试@y中国@x试题 |
| 690 | @aD630.3-44@v3 | |
| 701 | 0 | @a《行政职业能力倾向测验模拟考场》编写组@A《xing zheng zhi ye neng li qing xiang ce yan mo ni kao chang》bian xie zu@4编 |
| 801 | 0 | @aCN@bPFT@c20070717 |
| 905 | @a10447@dD630.3-44@e111 | |
| 行政职业能力倾向测验模拟考场/《行政职业能力倾向测验模拟考场》编写组编.-北京:中国铁道出版社,2002 |
| 532页;20cm |
| 国家公务员录用考试公共科目用书 |
| ISBN 7-113-04980-X:CNY35.00 |
| ● |
| 相关链接 |
|
|
|
|
正题名:行政职业能力倾向测验模拟考场
索取号:D630.3-44/111
 
预约/预借
| 序号 | 登录号 | 条形码 | 馆藏地/架位号 | 状态 | 备注 |
| 1 | 0778346 | 207783460 | 第一样本阅览室/ [索取号:D630.3-44/111] | 在馆 |